Energy effective industrial illuminating systems : design and engineering considerations
Αποθηκεύτηκε σε:
| Κύριος συγγραφέας: | |
|---|---|
| Μορφή: | Βιβλίο |
| Γλώσσα: | English |
| Δημοσίευση: |
Lilburn :
Fairmont Press,
c1994
|
| Θέματα: | |
| Ετικέτες: |
Προσθήκη ετικέτας
Δεν υπάρχουν, Καταχωρήστε ετικέτα πρώτοι!
|
MARC
| LEADER | 00000nam a2200000 i 4500 | ||
|---|---|---|---|
| 001 | 1/89607 | ||
| 008 | 990914s1994 eng d | ||
| 020 | |a 0131473808 | ||
| 035 | |l 10052835 | ||
| 040 | |a GR-MY-UA |b gre |e aacr | ||
| 041 | 0 | |a eng | |
| 082 | 0 | |a 621.32254 | |
| 100 | 1 | |a Chen, Kao |d 1919- | |
| 245 | 1 | 0 | |a Energy effective industrial illuminating systems : |b design and engineering considerations / |c Kao Chen |
| 260 | |a Lilburn : |b Fairmont Press, |c c1994 | ||
| 300 | |a 180 p. |b fig. | ||
| 504 | |a Includes bibliogaphical references and index | ||
| 650 | 0 | 0 | |a Electric lighting. |
| 650 | 0 | 0 | |a Industrial buildings |x Lighting |x Energy conservation. |
| 650 | 0 | 0 | |a Electric power |x Conservation. |
| 852 | |a INST |b LESVOS |e 19990914 |h 621.32254 CHE |p 005100019447 |q 005100019447 |t BK |y 0 | ||
| 901 | |a BIBL1-1999-3 | ||
| 909 | |a Λ |b 066430 | ||
| 922 | |a 1ΕΛΗ |b 199906 |c ΚΠΣ/ΤΠ |d ΠΑΠΑΣΩΤΗΡΙΟΥ | ||
| 950 | |a 107-1998-07-18 | ||
| 970 | |a ΤΖΑΦΕΡΗ |b ΕΥΑΓΓΕΛΙΑ |z 1999/09/23 | ||